[Event "Medellin Aristizabal Cup"]
[Site "Medellin"]
[Date "2022.07.10"]
[Round "4"]
[White "Echavarria, Marilyn Daniela"]
[Black "Uribe Valencia, Victor Alexis"]
[Result "0-1"]
[WhiteElo "1284"]
[BlackElo "1884"]
[PlyCount "56"]
[EventDate "2022.07.08"]
[EventType "swiss"]
[EventRounds "7"]
[EventCountry "COL"]
[SourceTitle "CBM 209 Extra"]
[Source "ChessBase"]
[SourceDate "2022.09.30"]
[SourceVersion "1"]
[SourceVersionDate "2022.09.30"]
[SourceQuality "1"]

1. d4 Nf6 2. Bf4 g6 3. Nc3 Bg7 4. e4 d6 5. Qd2 c6 6. f3 Qa5 7. a3 e5 8. dxe5 dxe5 9. Bh6 Bxh6 10. Qxh6 Nbd7 11. Bc4 b5 12. b4 Qb6 13. Bb3 a5 14. Rd1 axb4 15. axb4 Qd8 16. Nh3 Qe7 17. Ng5 Rf8 18. 0-0 Ng8 19. Qxh7 Qxg5 20. Rd6 Ngf6 21. Qg7 Qe3+ 22. Kh1 Qxc3 23. Bxf7+ Rxf7 24. Re6+ Kd8 25. Qxf7 Ra1 26. Qe7+ Kc7 27. Qd6+ Kb7 28. Rd1 Qe1+ 0-1

[Event "Medellin U2000 op"]
[Site "Medellin"]
[Date "2022.05.19"]
[Round "2"]
[White "Restrepo, Hugo"]
[Black "Uribe Valencia, Victor Alexis"]
[Result "0-1"]
[WhiteElo "1683"]
[BlackElo "1880"]
[PlyCount "54"]
[EventDate "2022.05.18"]
[EventType "swiss"]
[EventRounds "7"]
[EventCountry "COL"]
[SourceTitle "CBM 208 Extra"]
[Source "ChessBase"]
[SourceDate "2022.07.31"]
[SourceVersion "1"]
[SourceVersionDate "2022.07.31"]
[SourceQuality "1"]

1. e4 c5 2. Nf3 Nc6 3. d4 cxd4 4. Nxd4 Nf6 5. Nc3 e5 6. Ndb5 d6 7. a4 a6 8. Na3 Be7 9. Be3 Be6 10. Nc4 d5 11. exd5 Nxd5 12. Nxd5 Qxd5 13. Qe2 Nd4 14. Bxd4 exd4 15. Qe5 Bb4+ 16. Kd1 Qxe5 17. Nxe5 0-0 18. Nd3 Bd6 19. a5 Bd7 20. f4 Rfe8 21. Be2 Bc6 22. Rg1 Re3 23. Kd2 Rae8 24. Rae1 Bb5 25. Ne5 Rxe2+ 26. Rxe2 Bxe2 27. Kxe2 f6 0-1

[Event "Medellin IRT de Segunda Antioquia"]
[Site "Medellin"]
[Date "2019.05.23"]
[Round "2.12"]
[White "Mesa, Francisco Sr"]
[Black "Uribe Valencia, Victor Alexis"]
[Result "0-1"]
[WhiteElo "1545"]
[BlackElo "1862"]
[PlyCount "76"]
[EventDate "2019.05.22"]
[EventType "swiss"]
[EventRounds "7"]
[EventCountry "COL"]
[SourceTitle "EXT 2024"]
[Source "ChessBase"]
[SourceDate "2023.10.10"]
[SourceVersion "1"]
[SourceVersionDate "2023.10.10"]
[SourceQuality "1"]

1. e4 c5 2. Nf3 Nc6 3. d4 cxd4 4. Nxd4 Nf6 5. Nc3 e5 6. Nb3 Bb4 7. Bg5 h6 8. Bxf6 Qxf6 9. Qd3 0-0 10. 0-0-0 Bxc3 11. Qxc3 Qxf2 12. Rd2 Qe1+ 13. Rd1 Qxe4 14. Bd3 Qb4 15. Qe1 Qxe1 16. Rdxe1 d5 17. Bb5 f6 18. Nd2 Nd4 19. Ba4 Bf5 20. Rhf1 Be6 21. c3 Nc6 22. Nb3 Rad8 23. Nc5 Bc8 24. Bb3 b6 25. Nd3 Ba6 26. Kd2 Na5 27. Rf2 Nxb3+ 28. axb3 d4 29. c4 Bb7 30. Kc1 a5 31. Rg1 e4 32. Nf4 Rfe8 33. g4 d3 34. Rd2 g5 35. Nh5 Re6 36. Re1 e3 37. Nxf6+ Kf7 38. Rf1 exd2+ 0-1

[Event "Medellin Aristizabal Cup"]
[Site "Medellin"]
[Date "2019.01.26"]
[Round "6"]
[White "Uribe Valencia, Victor Alexis"]
[Black "Paniagua, Fabio de Jesus"]
[Result "1-0"]
[WhiteElo "1878"]
[BlackElo "1776"]
[PlyCount "44"]
[EventDate "2019.01.24"]
[EventType "swiss"]
[EventRounds "7"]
[EventCountry "COL"]
[SourceTitle "EXT 2020"]
[Source "ChessBase"]
[SourceDate "2019.10.17"]
[SourceVersion "1"]
[SourceVersionDate "2019.10.17"]
[SourceQuality "1"]

1. e4 e5 2. Nf3 Nc6 3. d4 exd4 4. Nxd4 Nf6 5. Nxc6 bxc6 6. e5 Qe7 7. Qe2 Nd5 8. c4 Ba6 9. Qe4 Nb6 10. Bd3 g6 11. 0-0 Bg7 12. Re1 0-0 13. b3 Rfe8 14. Bb2 d5 15. cxd5 cxd5 16. Qe2 Bb7 17. Nd2 c5 18. Rac1 Rac8 19. Kh1 d4 20. Bb5 Red8 21. Ba6 Bh6 22. Bxb7 Qxb7 1-0

[Event "Medellin Aristizabal Cup"]
[Site "Medellin"]
[Date "2019.01.25"]
[Round "5"]
[White "Suaza Builes, Oscar A"]
[Black "Uribe Valencia, Victor Alexis"]
[Result "0-1"]
[WhiteElo "1538"]
[BlackElo "1878"]
[PlyCount "104"]
[EventDate "2019.01.24"]
[EventType "swiss"]
[EventRounds "7"]
[EventCountry "COL"]
[SourceTitle "EXT 2020"]
[Source "ChessBase"]
[SourceDate "2019.10.17"]
[SourceVersion "1"]
[SourceVersionDate "2019.10.17"]
[SourceQuality "1"]

1. e4 c5 2. Nc3 Nc6 3. Nf3 Nf6 4. Bc4 e6 5. 0-0 Be7 6. Re1 d5 7. exd5 Nxd5 8. Ne4 0-0 9. a3 Qc7 10. b3 a6 11. Bb2 Nf4 12. Rb1 b5 13. Bf1 Bb7 14. d3 Rfd8 15. g3 Nd5 16. Qd2 Rac8 17. c4 Nb6 18. Qe3 Nd7 19. Rbd1 Nce5 20. Bg2 Ng4 21. Qe2 Ngf6 22. Neg5 Qb6 23. Qc2 h6 24. Nh3 Ne8 25. Nf4 Bf6 26. Bc1 Bxf3 27. Bxf3 Ne5 28. Bg2 Nc6 29. Nh5 Bd4 30. Qe2 Nf6 31. Nxf6+ Bxf6 32. Qg4 Rd4 33. Qf3 Ne5 34. Qe2 Rd6 35. Bb2 Nd7 36. Bc1 Nb8 37. Qf3 Nc6 38. Bf4 Rd7 39. Qg4 Nd4 40. Rb1 Nc2 41. Re2 Nxa3 42. Rbe1 Rxd3 43. Bxh6 Rd4 44. Be4 bxc4 45. Be3 cxb3 46. Bxd4 Bxd4 47. Bh7+ Kxh7 48. Rxe6 fxe6 49. Rxe6 Qd8 50. Rxa6 b2 51. Qg6+ Kg8 52. Rxa3 Qf6 0-1

[Event "COL-chB U2000"]
[Site "Antioquia"]
[Date "2018.12.06"]
[Round "1"]
[White "Uribe Valencia, Victor Alexis"]
[Black "Ospina Castro, Santiago"]
[Result "1-0"]
[WhiteElo "1867"]
[BlackElo "1903"]
[PlyCount "39"]
[EventDate "2018.12.06"]
[EventType "swiss"]
[EventRounds "7"]
[EventCountry "COL"]
[SourceTitle "CBM 190 Extra"]
[Source "ChessBase"]
[SourceDate "2019.07.15"]
[SourceVersion "1"]
[SourceVersionDate "2019.07.15"]
[SourceQuality "1"]

1. e4 e6 2. d4 d5 3. Nd2 c5 4. exd5 Qxd5 5. Ngf3 cxd4 6. Bc4 Qd7 7. Nb3 Nc6 8. 0-0 Nf6 9. Re1 Bb4 10. Bd2 Bxd2 11. Qxd2 0-0 12. Nbxd4 Nxd4 13. Nxd4 b6 14. Rad1 Qc7 15. Qe2 Bb7 16. f3 Rac8 17. Bb3 Rfd8 18. Nxe6 fxe6 19. Bxe6+ Kh8 20. Bxc8 1-0

[Event "Antioquia op-B"]
[Site "Medellin"]
[Date "2018.04.28"]
[Round "4"]
[White "Uribe Valencia, Victor Alexis"]
[Black "Mesa, Francisco Sr"]
[Result "1-0"]
[WhiteElo "1878"]
[BlackElo "1557"]
[PlyCount "45"]
[EventDate "2018.04.25"]
[EventType "swiss"]
[EventRounds "7"]
[EventCountry "COL"]
[SourceTitle "CBM 184 Extra"]
[Source "ChessBase"]
[SourceDate "2018.06.28"]
[SourceVersion "1"]
[SourceVersionDate "2018.06.28"]
[SourceQuality "1"]

1. e4 e6 2. d4 d5 3. Nd2 c5 4. exd5 cxd4 5. dxe6 Bxe6 6. Ngf3 Nc6 7. Bb5 Bc5 8. 0-0 Nf6 9. Ne5 Qc7 10. Ndf3 Rd8 11. Bf4 Qb6 12. Qe2 0-0 13. Bc4 Nh5 14. Bg5 Nf6 15. Bxe6 fxe6 16. Nc4 Qc7 17. Qxe6+ Kh8 18. Qh3 Be7 19. Rfe1 Nd5 20. Bxe7 Ncxe7 21. Ng5 Nf6 22. Ne5 Neg8 23. Ng6# 1-0

[Event "Antioquia op-B"]
[Site "Medellin"]
[Date "2018.04.27"]
[Round "3"]
[White "Leon Acevedo, Juan Alejandro"]
[Black "Uribe Valencia, Victor Alexis"]
[Result "1/2-1/2"]
[WhiteElo "1639"]
[BlackElo "1878"]
[PlyCount "79"]
[EventDate "2018.04.25"]
[EventType "swiss"]
[EventRounds "7"]
[EventCountry "COL"]
[SourceTitle "CBM 184 Extra"]
[Source "ChessBase"]
[SourceDate "2018.06.28"]
[SourceVersion "1"]
[SourceVersionDate "2018.06.28"]
[SourceQuality "1"]

1. d4 Nf6 2. c4 e6 3. Nf3 b6 4. g3 Ba6 5. Qc2 c6 6. Bg2 Be7 7. 0-0 0-0 8. e4 d5 9. e5 Nfd7 10. b3 c5 11. Bb2 cxd4 12. Nxd4 Nxe5 13. Nxe6 fxe6 14. Bxe5 Nd7 15. Bc3 Rc8 16. Qe2 Nc5 17. Rd1 Bf6 18. Bxf6 Qxf6 19. Na3 dxc4 20. b4 Qc3 21. bxc5 Qxa3 22. Qxe6+ Kh8 23. cxb6 axb6 24. Qxb6 c3 25. Qb3 Qc5 26. Qc2 Rc7 27. Rd5 Qa3 28. Re1 Bc4 29. Rf5 Rb8 30. Rf3 Bxa2 31. Ree3 Bb1 32. Rxc3 Rxc3 33. Qxc3 Qxc3 34. Rxc3 Ba2 35. Be4 Kg8 36. Kg2 Rd8 37. Rd3 Re8 38. Bd5+ Bxd5+ 39. Rxd5 h6 40. Rd7 1/2-1/2

[Event "Antioquia op-B"]
[Site "Medellin"]
[Date "2017.04.28"]
[Round "2"]
[White "Uribe Valencia, Victor Alexis"]
[Black "Escobar Leon, Ramiro"]
[Result "1-0"]
[WhiteElo "1860"]
[BlackElo "1604"]
[PlyCount "95"]
[EventDate "2017.04.27"]
[EventType "swiss"]
[EventRounds "7"]
[EventCountry "COL"]
[SourceTitle "EXT 2019"]
[Source "ChessBase"]
[SourceDate "2018.10.10"]
[SourceVersion "1"]
[SourceVersionDate "2018.10.10"]
[SourceQuality "1"]

1. e4 Nf6 2. e5 Nd5 3. d4 d6 4. Nf3 Bg4 5. Bc4 e6 6. exd6 Bxd6 7. c3 0-0 8. 0-0 c6 9. Nbd2 Qc7 10. h3 Bxf3 11. Nxf3 Nd7 12. Re1 N7f6 13. Ne5 c5 14. Bb3 Rad8 15. Qf3 cxd4 16. cxd4 Nb6 17. Bg5 Be7 18. Rac1 Qd6 19. Qxb7 Nfd5 20. Bxe7 Qxe7 21. Qxe7 Nxe7 22. Rc7 Nec8 23. Nxf7 Rxf7 24. Rxe6 Nd5 25. Rxc8 Rxc8 26. Bxd5 Rd8 27. Bc4 Rff8 28. Rf6+ Kh8 29. Rxf8+ Rxf8 30. d5 Rd8 31. f4 Rd6 32. Kf2 Kg8 33. Ke3 Kf7 34. Bd3 h6 35. Kd4 Kf6 36. g4 Rb6 37. b3 Rb4+ 38. Bc4 Ke7 39. Kc5 Rb6 40. f5 Rd6 41. b4 Rd8 42. Bb5 Rd6 43. Bc6 g6 44. fxg6 Rxg6 45. Kb5 Kd6 46. Ka6 Rg7 47. Bb7 Kc7 48. Kxa7 1-0

[Event "Medellin Antioquia Cup"]
[Site "Medellin"]
[Date "2016.10.12"]
[Round "1"]
[White "Uribe Valencia, Victor Alexis"]
[Black "Vargas Arteaga, Alexis"]
[Result "1/2-1/2"]
[WhiteElo "1825"]
[BlackElo "2279"]
[PlyCount "109"]
[EventDate "2016.10.12"]
[EventType "swiss"]
[EventRounds "8"]
[EventCountry "COL"]
[SourceTitle "CBM 175 Extra"]
[Source "ChessBase"]
[SourceDate "2016.12.12"]
[SourceVersion "1"]
[SourceVersionDate "2016.12.12"]
[SourceQuality "1"]

1. e4 c5 2. Nf3 Nc6 3. d4 cxd4 4. Nxd4 Qb6 5. Nb3 Nf6 6. Nc3 e6 7. Be3 Qc7 8. Qd2 Bb4 9. f3 d5 10. a3 Bxc3 11. Qxc3 dxe4 12. fxe4 Qe5 13. Qxe5 Nxe5 14. Bd4 Nc6 15. Bxf6 gxf6 16. Bb5 Rg8 17. 0-0 Ke7 18. Bxc6 bxc6 19. Nc5 e5 20. Rad1 Bg4 21. Rd2 Rad8 22. Rff2 h5 23. Kf1 h4 24. Ke1 h3 25. g3 Bc8 26. Rxd8 Rxd8 27. Rd2 Rg8 28. Rf2 Rg5 29. Ke2 f5 30. c3 fxe4 31. Nxe4 Rg4 32. Ke3 f5 33. Nc5 Rc4 34. Nd3 Kf6 35. Kd2 Rg4 36. Ke3 Re4+ 37. Kd2 Kg5 38. Re2 Rxe2+ 39. Kxe2 Ba6 40. Ke3 Bxd3 41. Kxd3 c5 42. b4 cxb4 43. axb4 Kf6 44. c4 e4+ 45. Kd4 a6 46. Ke3 Ke5 47. c5 Kd5 48. Kf4 a5 49. bxa5 Kxc5 50. a6 Kb6 51. a7 Kxa7 52. g4 fxg4 53. Kxg4 Kb6 54. Kf4 Kc6 55. Kxe4 1/2-1/2

[Event "Medellin Aristizabal Cup"]
[Site "Medellin"]
[Date "2016.05.22"]
[Round "7"]
[White "Uribe Valencia, Victor Alexis"]
[Black "Cano Acosta, Luis Fernando"]
[Result "0-1"]
[WhiteElo "1840"]
[BlackElo "2252"]
[PlyCount "48"]
[EventDate "2016.05.18"]
[EventType "swiss"]
[EventRounds "7"]
[EventCountry "COL"]
[SourceTitle "CBM 172 Extra"]
[Source "ChessBase"]
[SourceDate "2016.06.21"]
[SourceVersion "1"]
[SourceVersionDate "2016.06.21"]
[SourceQuality "1"]

1. e4 c6 2. d4 d5 3. e5 c5 4. dxc5 e6 5. Nf3 Bxc5 6. Bd3 Nc6 7. 0-0 Nge7 8. Nbd2 Ng6 9. Nb3 Bb6 10. Qe2 Qc7 11. Re1 Nb4 12. Bxg6 hxg6 13. Nbd4 Bd7 14. c3 Nc6 15. Nb5 Qb8 16. Nd6+ Ke7 17. Bg5+ f6 18. exf6+ gxf6 19. Bxf6+ Kxf6 20. Nb5 Rh5 21. Nbd4 Bxd4 22. cxd4 Nxd4 23. Qd3 Nxf3+ 24. Qxf3+ Ke7 0-1

[Event "COL pre olympic sf1"]
[Site "Medellin"]
[Date "2016.03.24"]
[Round "4"]
[White "Uribe Valencia, Victor Alexis"]
[Black "Castano Orrego, Simon"]
[Result "1-0"]
[WhiteElo "1879"]
[BlackElo "1625"]
[PlyCount "45"]
[EventDate "2016.03.22"]
[EventType "swiss"]
[EventRounds "9"]
[EventCountry "COL"]
[SourceTitle "CBM 171 Extra"]
[Source "ChessBase"]
[SourceDate "2016.04.26"]
[SourceVersion "1"]
[SourceVersionDate "2016.04.26"]
[SourceQuality "1"]

1. e4 c5 2. Nf3 d6 3. d4 cxd4 4. Nxd4 Nf6 5. Nc3 a6 6. f3 e5 7. Nb3 Be6 8. Be3 Be7 9. Qd2 Nbd7 10. g4 b5 11. a4 b4 12. Nd5 Bxd5 13. exd5 Nb6 14. a5 Nbxd5 15. g5 Nxe3 16. gxf6 Nxc2+ 17. Qxc2 gxf6 18. Qc6+ Kf8 19. Bxa6 Qe8 20. Qxe8+ Kxe8 21. Bb7 Ra7 22. a6 Bd8 23. Ra4 1-0

[Event "Medellin Navideno op"]
[Site "Medellin"]
[Date "2015.12.12"]
[Round "5"]
[White "Gomez Vasquez, Laura Sofia"]
[Black "Uribe Valencia, Victor Alexis"]
[Result "0-1"]
[WhiteElo "1625"]
[BlackElo "1895"]
[PlyCount "78"]
[EventDate "2015.12.10"]
[EventType "swiss"]
[EventRounds "7"]
[EventCountry "COL"]
[SourceTitle "CBM 169 Extra"]
[Source "ChessBase"]
[SourceDate "2015.12.18"]
[SourceVersion "1"]
[SourceVersionDate "2015.12.18"]
[SourceQuality "1"]

1. e4 c5 2. Nf3 Nc6 3. d4 cxd4 4. Nxd4 Nf6 5. Nc3 e5 6. Ndb5 d6 7. Nd5 Nxd5 8. exd5 Ne7 9. c4 Nf5 10. Bd3 Be7 11. 0-0 a6 12. Nc3 0-0 13. a3 Bd7 14. Kh1 g6 15. f4 Ng7 16. Qe2 Qc7 17. Re1 f6 18. Bd2 Bf5 19. Rac1 Bxd3 20. Qxd3 Rac8 21. Ne4 f5 22. Ng3 e4 23. Qe2 Bf6 24. b4 a5 25. Be3 axb4 26. axb4 b6 27. c5 bxc5 28. bxc5 dxc5 29. Rxc5 Qd7 30. Rec1 Rxc5 31. Rxc5 Be7 32. Ra5 Bd8 33. Ra7 Qxd5 34. Qb2 Bf6 35. Qc2 Ne6 36. h3 Bd4 37. Bxd4 Qxd4 38. Qc6 Qxa7 39. Qxe6+ Qf7 0-1

[Event "Bogota University op 9th"]
[Site "Bogota"]
[Date "2015.10.08"]
[Round "1"]
[White "Barrientos Chavarriaga, Sergio E"]
[Black "Uribe Valencia, Victor Alexis"]
[Result "1-0"]
[WhiteElo "2467"]
[BlackElo "1863"]
[PlyCount "38"]
[EventDate "2015.10.08"]
[EventType "swiss"]
[EventRounds "9"]
[EventCountry "COL"]
[SourceTitle "CBM 168 Extra"]
[Source "ChessBase"]
[SourceDate "2015.10.29"]
[SourceVersion "1"]
[SourceVersionDate "2015.10.29"]
[SourceQuality "1"]

1. e4 c5 2. Nf3 Nc6 3. Bb5 g6 4. 0-0 Bg7 5. c3 Nf6 6. Re1 Qc7 7. e5 Nd5 8. Qb3 Nb6 9. d4 Na5 10. Qa3 a6 11. dxc5 Nbc4 12. Bxc4 Nxc4 13. Qb4 Nxe5 14. Nxe5 Bxe5 15. Qh4 d5 16. Nd2 Be6 17. Nf3 Bf6 18. Bg5 Bxg5 19. Nxg5 Bf5 1-0

[Event "Bogota University op 9th"]
[Site "Bogota"]
[Date "2015.10.08"]
[Round "2"]
[White "Uribe Valencia, Victor Alexis"]
[Black "Mora Suarez, Juan Felipe"]
[Result "1-0"]
[WhiteElo "1863"]
[BlackElo "1638"]
[PlyCount "69"]
[EventDate "2015.10.08"]
[EventType "swiss"]
[EventRounds "9"]
[EventCountry "COL"]
[SourceTitle "CBM 168 Extra"]
[Source "ChessBase"]
[SourceDate "2015.10.29"]
[SourceVersion "1"]
[SourceVersionDate "2015.10.29"]
[SourceQuality "1"]

1. e4 e5 2. Nf3 Nf6 3. Nxe5 d6 4. Nf3 Nxe4 5. Nc3 Nxc3 6. dxc3 Be7 7. Bf4 Nd7 8. Qd2 Nc5 9. 0-0-0 Be6 10. Kb1 Qd7 11. Nd4 Qa4 12. Bb5+ c6 13. Bxa4 Nxa4 14. Nxe6 fxe6 15. Bg5 Bf8 16. Rhe1 Kd7 17. Qe3 e5 18. Qxe5 Kc7 19. Qa5+ Nb6 20. Be3 c5 21. b4 Kc6 22. bxc5 dxc5 23. c4 Nxc4 24. Qc3 b5 25. Bf4 Nb6 26. Re6+ Kb7 27. Qf3+ Ka6 28. Rxb6+ Kxb6 29. Qxa8 g5 30. Bd6 Bg7 31. Bb8 Ka5 32. Qxa7+ Kb4 33. a3+ Kc4 34. Qf7+ Kc3 35. Rd3# 1-0

[Event "Medellin Castro Memorial"]
[Site "Medellin"]
[Date "2015.05.02"]
[Round "4"]
[White "Varela, Maria de los Angele"]
[Black "Uribe Valencia, Victor Alexis"]
[Result "1-0"]
[WhiteElo "1619"]
[BlackElo "1899"]
[PlyCount "47"]
[EventDate "2015.04.30"]
[EventType "swiss"]
[EventRounds "7"]
[EventCountry "COL"]
[SourceTitle "CBM 166 Extra"]
[Source "ChessBase"]
[SourceDate "2015.06.18"]
[SourceVersion "1"]
[SourceVersionDate "2015.06.18"]
[SourceQuality "1"]

1. e4 c5 2. c3 d5 3. e5 Nc6 4. d4 Bf5 5. Nf3 e6 6. Bd3 Bg4 7. Nbd2 Qb6 8. Qa4 Nh6 9. h3 Bf5 10. Be2 Bg6 11. g4 Ng8 12. Nh4 cxd4 13. c4 Nge7 14. Bf3 0-0-0 15. cxd5 Nxd5 16. Nc4 Qb4+ 17. Qxb4 Ncxb4 18. Nxg6 hxg6 19. Be4 Nc6 20. Bd2 b5 21. Na5 Nxe5 22. Rc1+ Kb8 23. f4 Nc4 24. Nc6+ 1-0

[Event "Medellin Castro Memorial"]
[Site "Medellin"]
[Date "2015.05.01"]
[Round "3"]
[White "Uribe Valencia, Victor Alexis"]
[Black "Herrera, Milena"]
[Result "0-1"]
[WhiteElo "1899"]
[BlackElo "2096"]
[PlyCount "76"]
[EventDate "2015.04.30"]
[EventType "swiss"]
[EventRounds "7"]
[EventCountry "COL"]
[SourceTitle "CBM 166 Extra"]
[Source "ChessBase"]
[SourceDate "2015.06.18"]
[SourceVersion "1"]
[SourceVersionDate "2015.06.18"]
[SourceQuality "1"]

1. e4 c5 2. Nf3 e6 3. Nc3 a6 4. d4 cxd4 5. Nxd4 Qc7 6. Bd3 Nf6 7. 0-0 Nc6 8. Be3 h5 9. Nxc6 Ng4 10. e5 dxc6 11. Bf4 Nxe5 12. Ne4 Be7 13. Re1 f6 14. h3 Qa5 15. Be2 Nf7 16. Bd6 Qd5 17. Bxe7 Qxd1 18. Raxd1 Kxe7 19. Rd2 g6 20. Bc4 Rd8 21. Rxd8 Nxd8 22. Rd1 Nf7 23. Nc5 b6 24. Ne4 Ra7 25. h4 f5 26. Nc3 Rd7 27. Rxd7+ Kxd7 28. f4 b5 29. Bb3 c5 30. a4 Kc6 31. axb5+ axb5 32. Ne2 c4 33. Ba2 Kc5 34. c3 Bb7 35. b4+ cxb3 36. Bxb3 Bd5 37. Bxd5 Kxd5 38. Nd4 b4 0-1

[Event "Medellin Easter op"]
[Site "Medellin"]
[Date "2015.??.??"]
[Round "6"]
[White "Uribe Valencia, Victor Alexis"]
[Black "Moreno, Luis"]
[Result "1-0"]
[WhiteElo "1901"]
[BlackElo "2050"]
[PlyCount "85"]
[EventDate "2015.04.01"]
[EventType "swiss"]
[EventRounds "9"]
[EventCountry "COL"]
[SourceTitle "CBM 165 Extra"]
[Source "ChessBase"]
[SourceDate "2015.04.21"]
[SourceVersion "1"]
[SourceVersionDate "2015.04.21"]
[SourceQuality "1"]

1. e4 c5 2. Nf3 Nc6 3. d4 cxd4 4. Nxd4 Nf6 5. Nc3 d6 6. f3 g6 7. Bc4 Bg7 8. Be3 0-0 9. Qd2 a6 10. Bb3 Qc7 11. 0-0-0 b5 12. g4 Bb7 13. h4 h5 14. Nd5 Nxd5 15. exd5 Ne5 16. gxh5 gxh5 17. Bh6 Bc8 18. Bxg7 Kxg7 19. Qg5+ Ng6 20. Rdg1 Rh8 21. Ne6+ Bxe6 22. dxe6 Rh6 23. exf7 Qd7 24. Re1 e5 25. Rhg1 Qd8 26. f4 Qxg5 27. hxg5 Rhh8 28. f5 Nf4 29. g6 d5 30. Rxe5 h4 31. Bxd5 Nxd5 32. Rxd5 h3 33. Rh1 Rh5 34. Re5 Rah8 35. Re8 Rxf5 36. Rxh8 Kxh8 37. Rxh3+ Kg7 38. Rg3 Rf2 39. b3 Rf5 40. Kb2 Rf2 41. Kc3 Rf4 42. Rg2 Re4 43. Rf2 1-0